Využitie tepla z kanalizačných systémov odpadovej vody

Uložené v:
Podrobná bibliografia
Hlavný autor: Juhošová, Dominika (Autor)
Ďalší autori: Peráčková, Jana (Vedúci práce)
Médium: Rukopis Kniha
Jazyk:Slovak
Vydavateľské údaje: 2018
Predmet:
On-line prístup:http://is.stuba.sk/zp/portal_zp.pl?podrobnosti=137678
https://opac.crzp.sk/?fn=detailBiblioForm&sid=24C5901A55BE8827364FC8D1E80C
Tagy: Pridať tag
Žiadne tagy, Buďte prvý, kto otaguje tento záznam!

MARC

LEADER 00000ntm a22000003a 4500
001 stuzp68410
003 SK-STU
005 20230623142328.1
007 ta
008 150427s2015----xo-----f-mn---000-0-slo-d
040 |a STU  |b slo 
041 0 |a slo 
100 1 |a Juhošová, Dominika  |u 010290  |4 aut  |U SvF Stavebná fakulta  |T SvF Katedra technických zariadení budov  |X 63384  |U V290  |Y 31  |7 63384 
242 0 1 |a Recovery of waste heat from sewer system  |y eng 
245 1 0 |a Využitie tepla z kanalizačných systémov odpadovej vody 
260 |c 2018 
650 4 |a spätné získavanie tepla z odpadov  |2 slo 
650 4 |a rekuperačný panel  |2 slo 
650 4 |a športový komplex  |2 slo 
650 4 |a recovery of waste heat from sewer system  |2 eng 
650 4 |a recuperative heat exchanger  |2 eng 
650 4 |a multifunctional sport complex  |2 eng 
700 1 |a Peráčková, Jana  |u 010290  |k Z1  |4 ths  |U SvF Stavebná fakulta  |T SvF Katedra technických zariadení budov  |X 2739  |U V290  |Y 31  |7 A000002739 
856 4 |u http://is.stuba.sk/zp/portal_zp.pl?podrobnosti=137678 
856 4 |u https://opac.crzp.sk/?fn=detailBiblioForm&sid=24C5901A55BE8827364FC8D1E80C